01679nam a2200373 i 4500001001000000003000900010005001700019007000300036008004100039020001800080040003000098041000800128082002300136100004800159245006000207250002400267264004600291300002700337336002700364337003400391338002800425500006000453590002700513650002400540650002600564910003700590942001400627952014100641952013500782952014100917952011501058952011501173999001701288000028810DO-SdBNP20240830110303.0ta110412s2010 dr 000 0 spa d a9789945003345 aDO-SdBNPbspacBNPHUerda aspa 4aRD861.5bD542a2221 aDíaz, Juanita,d1936-955789eautor4aut.10aAñoranza :bconfesiones intimistas /cJuanita Díaz. aPrimera edición  4aSanto Domingo :bEditora Búho,c©2010. a54 páginas ;c21 cm. 2rdacontentatextobtxt 2rdamedia asin mediaciónbn 2rdacarrieravolumenbnc aIncluye datos biográficos de la autora en las solapas aInventariado, 2024/MFF 4aPoesía dominicana 4aLiteratura dominicana aValidado. Control de calidad MFF 2ddccLBS1 00102ddc56708DSaBNPHUbBNPHUcHDd2011-04-12l0oBNPHU DS RD861.5 D542ap28810-30r2020-06-25te. 3w2020-06-25yLBS1ZNo se presta 00102ddc51708PDaBNPHUbBNPHUcHDd2011-04-12l0oBNPHU PD RD861.5 D542ap28810-10r2020-06-25w2020-06-25yLBS1ZNo se presta 00102ddc51708PDaBNPHUbBNPHUcHDd2011-04-12l0oBNPHU PD RD861.5 D542ap28810-20r2020-06-25te. 2w2020-06-25yLBS1ZNo se presta 00107-18PDaPDbPDcOId2011-04-12iLF1l0oxxxx D542ap28811-10r2020-06-25w2020-06-25yLFPDZNo se presta 00107-18PDaPDbPDcOId2011-04-12iLF1l0oxxxx D542ap28811-20r2020-06-25w2020-06-25yLFPDZNo se presta c28302d28302